| 000 | 00946nam a22002297a 4500 | ||
|---|---|---|---|
| 999 |
_c9823 _d9823 |
||
| 003 | AR-CdUCM | ||
| 008 | 190328b ||||| |||| 00| 0 spa d | ||
| 040 |
_aMUNICIPALIDAD PROVINCIAL DEL CUSCO _cBIBLIOTECA MUNICIPAL DEL CUSCO |
||
| 041 | _hfre | ||
| 082 |
_24ed. _a909 / _bC12 / 1927 |
||
| 100 |
_aCabanés, Doctor _926289 |
||
| 245 | _aLas indiscreciones de la historia / | ||
| 260 |
_aMadrid : _bEdiciones Mercurio, _c1927. |
||
| 300 |
_a362 páginas ; _bretratos, _c20 cm. |
||
| 505 | _aContenido: ¿Fue una histérica la virgen de Avila? -- La duquesa de Orleáns no murió de apendicitis -- Cuatro víctimas del gran Rey -- Un supuesto crimen de Bonaparte -- ¿Se suicidó Beaumarchais? -- El régimen alimenticio de Napoleón en Santa Elena ... | ||
| 650 |
_aNapoleón _91841 |
||
| 650 |
_aHistoria _9136 |
||
| 650 |
_aFrancia _91444 |
||
| 700 |
_aRuiz Morales, Margarita (traducción) _926290 |
||
| 942 |
_2ddc _cLIBROS |
||
| 945 | _aachl | ||